Statistics for Pokedex Order- Sinnoh (Generation 4)

Click here to take the quiz!

General Stats

  • This quiz has been taken 9 times
  • The average score is 37 of 54

Answer Stats

QuestionTileSelect% Correct
Sinnoh Has How Many Lake Guardians1No
80%
How Many Typings Are There In Gen 4?14No
80%
How Many Typings Are There In Gen 4?16No
80%
Sinnoh Has How Many Lake Guardians2No
80%
How Many Typings Are There In Gen 4?20No
80%
How Many Typings Are There In Gen 4?22No
80%
Sinnoh Has How Many Lake Guardians4No
80%
Sinnoh Has How Many Lake Guardians5No
80%
Sinnoh Has How Many Lake Guardians6No
80%
Sinnoh Has How Many Lake Guardians9No
80%
What Typing Is Whiscash?Fire/GroundNo
80%
What Typing Is Whiscash?Grass/GroundNo
80%
What Typing Is Whiscash?Ice/WaterNo
80%
Is There A Pokemon Called Dragapult In Sinnoh?MaybeNo
80%
Is There A Pokemon Called Dragapult In Sinnoh?Maybe NotNo
80%
Is There A Pokemon Called Dragapult In Sinnoh?Maybe YesNo
80%
What Number Is Turtwig?No. ???No
80%
What Number Is Turtwig?No. 001Yes
80%
What Number Is Turtwig?No. 004No
80%
What Number Is Turtwig?No. 007No
80%
What Number Is Lumineon?No. 032No
80%
What Number Is Turtwig?No. 045No
80%
What Number Is Lumineon?No. 099No
80%
What Number Is Lumineon?No. 111No
80%
What Number Is Turtwig?No. 130No
80%
What Number Is Lumineon?No. 147No
80%
What Number Is Turtwig?No. 151No
80%
What Number Is Lumineon?No. 151No
80%
Is There A Pokemon Called Dragapult In Sinnoh?Not Really SureNo
80%
Is There A Pokemon Called Dragapult In Sinnoh?Not SureNo
80%
What Number Is Turtwig?Other Generation MonNo
80%
What Number Is Lumineon?Other Generation MonNo
80%
What Typing Is Whiscash?UnknownNo
80%
What Typing Is Whiscash?UnknownNo
80%
What Typing Is Whiscash?UnknownNo
80%
How Many Typings Are There In Gen 4?15No
60%
How Many Typings Are There In Gen 4?17No
60%
How Many Typings Are There In Gen 4?19No
60%
How Many Typings Are There In Gen 4?21No
60%
Sinnoh Has How Many Lake Guardians7No
60%
Sinnoh Has How Many Lake Guardians8No
60%
What Typing Is Whiscash?Fire/NormalNo
60%
What Number Is Lumineon?No. ???No
60%
What Number Is Lumineon?No. 150No
60%
What Number Is Turtwig?No. 67No
60%
What Typing Is Whiscash?Water/NormalNo
60%
Is There A Pokemon Called Dragapult In Sinnoh?YesNo
60%
Sinnoh Has How Many Lake Guardians3Yes
40%
Is There A Pokemon Called Dragapult In Sinnoh?NoYes
40%
What Number Is Lumineon?No. 135Yes
40%
What Typing Is Whiscash?Water/GroundYes
40%
Is There A Pokemon Called Dragapult In Sinnoh?Definitely NotYes
20%
How Many Typings Are There In Gen 4?18Yes
0%
Is There A Pokemon Called Dragapult In Sinnoh?NopeYes
0%

Score Distribution

Percentile by Number Answered

Percent of People with Each Score

Your Score History

You have not taken this quiz